La falacia de Freud y del psicoanálisis
محفوظ في:
| المؤلفون الرئيسيون: | , |
|---|---|
| التنسيق: | كتاب |
| اللغة: | الإسبانية |
| منشور في: |
Ciudad de México
Herrero Hermanos Sucesores S. A
1966
|
| الطبعة: | 1a. ed |
| الموضوعات: | |
| الوسوم: |
إضافة وسم
لا توجد وسوم, كن أول من يضع وسما على هذه التسجيلة!
|
MARC
| LEADER | 00000cam a2200000 a 4500 | ||
|---|---|---|---|
| 001 | UCC3139 | ||
| 003 | CL-VaPUC | ||
| 008 | 180422e19660000mx |||||||||||||||||spa|d | ||
| 082 | 0 | 4 | |a 150.195 |b PIN |2 21 |
| 100 | 0 | |a Pinckney, Edward R |e author |9 597207 | |
| 700 | 0 | |a Pinckney, Cathey |e author |9 597208 | |
| 245 | 1 | 3 | |a La falacia de Freud y del psicoanálisis |
| 250 | |a 1a. ed | ||
| 300 | |a 171 p | ||
| 942 | |c BK | ||
| 945 | |d 20180422 17:11:00 |a dcastane | ||
| 260 | |a Ciudad de México |b Herrero Hermanos Sucesores S. A |c 1966 | ||
| 600 | 0 | |a Freud, Sigmund |e author |9 307892 | |
| 650 | 0 | |a Psicoanálisis |9 265702 | |
| 583 | |a last modification |c 20180422 17:11:00 |k Rodrigo Vera | ||
| 999 | |c 370989 |d 370987 | ||
| 952 | |0 0 |1 0 |3 erb |4 0 |6 150_195000000000000_PIN_1966 |7 0 |8 A |9 487810 |a BIBEDU |b BIBEDU |i 5465397 |o 150.195 PIN 1966 |p 5465397 |r 2019-11-24 |w 2019-11-24 |y BK |z Catalogado en:20180422 |k PSI | ||